Fundamentals of accounting (Record no. 43943)

MARC details
000 -LEADER
fixed length control field 00355nam a2200145Ia 4500
020 ## - INTERNATIONAL STANDARD BOOK NUMBER
ISBN 9786202319812
050 ## - CALL MARK
Classification number HF 5635 .O35/
100 ## - STATEMENT OF RESPONSIBILITY--MAIN AUTHOR NAME
Personal name Ofili, Ugwudioha M.
245 #0 - TITLE STATEMENT
Title Fundamentals of accounting
260 ## - PUBLICATION, DISTRIBUTION, ETC. (IMPRINT)
Year of publication 2018
Place of publication Mauritius
Name of publisher Scholar's Press
300 ## - PHYSICAL DESCRIPTION
Number of Pages 305 p
650 ## - SUBJECT ADDED ENTRY--TOPICAL TERM
Topical Term Financial statements
942 ## - ADDED ENTRY ELEMENTS (KOHA)
Koha item type Books
Source of classification Library of Congress Classification
Holdings
Withdrawn status Lost status Source of classification or shelving scheme Damaged status Not for loan Permanent Location Current Location Date acquired Full call number Accession Number Price effective from Koha item type
    Library of Congress Classification     NILE UNIVERSITY OF NIGERIA - MAIN LIBRARY NILE UNIVERSITY OF NIGERIA - MAIN LIBRARY 10/28/2025 HF 5635 .O35 2018 0196711 10/28/2025 Books